Tut-ench-Amun (Record no. 6883)

MARC details
000 -CABECERA
campo de control de longitud fija 00716nam a2200253 a 4500
001 - NÚMERO DE CONTROL
campo de control BRCA_7202
005 - FECHA Y HORA DE LA ÚLTIMA TRANSACCIÓN
campo de control 20190320205740.0
008 - DATOS DE LONGITUD FIJA--INFORMACIÓN GENERAL
campo de control de longitud fija 160112s1927----gw-a######---#000-0#ger-#
041 ## - CÓDIGO DE LENGUA
Código de lengua del texto/banda sonora o título independiente ger
044 ## - CÓDIGO DEL PAÍS DE LA ENTIDAD EDITORA/PRODUCTORA
Código MARC del país gw
050 #4 - SIGNATURA TOPOGRÁFICA DE LA BIBLIOTECA DEL CONGRESO
Número de clasificación DT87.5
Número de documento/Ítem .C37 1927
100 1# - ENTRADA PRINCIPAL--NOMBRE DE PERSONA
Nombre de persona Carter, Howard
Fechas asociadas al nombre 1874-1939
9 (RLIN) 17847
245 10 - MENCIÓN DE TÍTULO
Título Tut-ench-Amun
Resto del título ein agyptisches Konigsgrab
Mención de responsabilidad, etc. Howard Carter.
250 ## - MENCIÓN DE EDICIÓN
Mención de edición 2a. ed.
260 ## - PUBLICACIÓN, DISTRIBUCIÓN, ETC.
Lugar de publicación, distribución, etc. Leipzig
Nombre del editor, distribuidor, etc. Brockhans
Fecha de publicación, distribución, etc. 1927
300 ## - DESCRIPCIÓN FÍSICA
Extensión 1 v.
Otras características físicas il., láminas
Dimensiones 23 cm.
500 ## - NOTA GENERAL
Nota general La biblioteca cuenta con el v. 2
500 ## - NOTA GENERAL
Nota general P97
650 14 - PUNTO DE ACCESO ADICIONAL DE MATERIA--TÉRMINO DE MATERIA
Término de materia o nombre geográfico como elemento de entrada Tutankamon, Rey de Egipto
Subdivisión cronológica s. XIV A.C.
9 (RLIN) 17848
650 14 - PUNTO DE ACCESO ADICIONAL DE MATERIA--TÉRMINO DE MATERIA
Término de materia o nombre geográfico como elemento de entrada Arte
Subdivisión geográfica Egipto
9 (RLIN) 17756
651 #4 - PUNTO DE ACCESO ADICIONAL DE MATERIA--NOMBRE GEOGRÁFICO
Nombre geográfico Egipto
Subdivisión general Antiguedades
9 (RLIN) 16621
902 ## - CATALOGADOR
Iniciales GFM
942 ## - ELEMENTOS DE PUNTO DE ACCESO ADICIONAL (KOHA)
Fuente del sistema de clasificación o colocación Library of Congress Classification
Tipo de ítem Koha Libros
Holdings
Estado de retiro Estado de pérdida Estado dañado No para préstamo Localización permanente Ubicación/localización actual Fecha de adquisición Número de inventario Total de préstamos Signatura topográfica completa Código de barras Fecha visto por última vez Precio válido a partir de Tipo de ítem Koha
El ejemplar forma parte de la colección y puede ser consultado según las políticas vigentes.       Biblioteca del Museo Franz Mayer (Rogerio Casas-Alatriste) Biblioteca del Museo Franz Mayer (Rogerio Casas-Alatriste) 16/01/2012 P97   DT87.5 .C37 1927 (P97) 7656 22/03/2019 22/03/2019 Libros